Chiếc vòng đồi mồi vụ án viết lại T.4
Gespeichert in:
| Format: | Buch |
|---|---|
| Veröffentlicht: |
H.
Công anh nhân dân
1983
|
| Schlagworte: | |
| Tags: |
Tag hinzufügen
Keine Tags, Fügen Sie den ersten Tag hinzu!
|
| Thư viện lưu trữ: | Trung tâm Học liệu Lê Vũ Hùng, Trường Đại học Đồng Tháp |
|---|
| LEADER | 00703pam a22002178a 4500 | ||
|---|---|---|---|
| 001 | 00019485 | ||
| 005 | 20171026081022.0 | ||
| 008 | 110506s1983 ||||||Viesd | ||
| 041 | 0 | # | |a Vie |
| 082 | 1 | 4 | |a 895.922 33 |b CH303V |
| 245 | 0 | 0 | |a Chiếc vòng đồi mồi |b vụ án viết lại |n T.4 |
| 260 | # | # | |a H. |b Công anh nhân dân |c 1983 |
| 300 | # | # | |a 180 tr. |c 19 cm. |
| 500 | # | # | |a ĐTTS ghi ; Nhiều tác giả |
| 650 | # | 4 | |a Việt Nam |
| 650 | # | 4 | |a Văn học hiện đại |
| 653 | # | # | |a Truyện ngắn |
| 852 | # | # | |b Kho đọc |j KD.0005333 |
| 852 | # | # | |j KD.0005333 |
| 910 | |d 06/05/2011 | ||
| 980 | # | # | |a Trung tâm Học liệu Lê Vũ Hùng, Trường Đại học Đồng Tháp |